| 000 | 00603nam a22001817a 4500 | ||
|---|---|---|---|
| 005 | 20251209163704.0 | ||
| 010 | _aENG-147257 | ||
| 020 |
_a9789381714300 _c250.00 |
||
| 035 | _aEN-130789 | ||
| 037 | _bDBAD | ||
| 082 | _a330 | ||
| 100 |
_aSinebare, Musawe _985968 |
||
| 245 |
_aPrinciples & Practices of Papua New Guinea Leadership/ _cby Musawe sinebare |
||
| 260 |
_aNew Delhi _bScientific international pvt. ltd. _c2013 |
||
| 270 |
_a4850/24, ansari road, daryaganj _bnew delhi _e110002 _k011-23287580 _mexpo@siplind.com |
||
| 300 |
_a172p. _c21cm(pb) |
||
| 942 |
_2ddc _cEN _mSIN _h330 |
||
| 999 |
_c213904 _d213904 |
||